000 01135nam0a22002771 4500
001 rc\2685337
005 20230515155846.0
035 _a(NLR Aleph) 006813662
090 _a6370088
_c6370088
100 _a20110915d1933 |||y0rusy50 ca
101 0 _arus
102 _aRU
105 _ay z |||||
200 1 _aИнструкция по уходу за трактором (ХТЗ, СТЗ и Мак Кормик Д 15/30)
_fСоставили инж. Лапинский и Шифрин
210 _aХарьков
_cОНТВУ, Машбудвидав
_d1933
215 _aОбл., 14, [2] с. для заметок
_d14,5 см.
225 1 _aК весенней посевной кампании
_fТехпроп Уполнаркомтяжпрома на Украине
_vВып. 1
300 _aПредисл.: "От Техпропа Уполнаркомтяжпрома" (с. 3-5)
700 1 _aЛапинский
_bН. Д.
_gНиколай Доминикович
701 1 _aШифрин
801 0 _aRU
_bNLR
_gpsbo
801 1 _aRU
_bELAR
_2rusmarc
852 _aNLR
_j33-8/1655
942 _cBOOK
980 _aNB